| 000 | 00416 a2200121 4500 | ||
|---|---|---|---|
| 001 | ART_44806 | ||
| 005 | 20260410162024.0 | ||
| 008 | 260409a | ||
| 245 | 1 | 0 | _aLa dinámica de la pobreza y las variables de población en la Argentina |
| 100 | 1 | _aSantillán Pizarro, María Marta | |
| 700 | 1 | _aLaplante, Benoît | |
| 773 | 0 |
_tNotas de población _g- Año XXXVI, Nº 89 (jul./dic. 2009) _wREV41841 |
|
| 999 |
_c33365 _d33365 |
||